Guess the Animals by their Eyes - Statistics

General Stats
  • This quiz has been taken 534 times
  • The average score is 9 of 12
Answer Stats
Picture Answer % Correct
Dog
100%
Tiger
98%
Zebra
93%
Snake
92%
Elephant
89%
Shark
76%
Horse
75%
Lemur
69%
Giraffe
60%
Sheep
50%
Chicken
47%
Seal
26%
No matching quizzes found
Score Distribution
Percent of People with Each Score
Percentile by Number Answered
Your Score History
You have not taken this quiz